Qui a été président de la République Française ? - Mort Subite - Statistiques

Statistiques générales
  • Ce quiz a été pris 100 fois
  • Le résultat moyen est 10 sur 16
Answers on the Grid
Answers color-coded by a green-red scale on the quiz's grid according to % correct below.
Macron
Sarkozy
Hollande
Thiers
Napoléon Ier
Napoléon II
Napoléon III
Mac-Mahon
Pétain
Doumergue
Louis XX
Mélenchon
Marine Lepen
De Gaulle
Chirac
Mitterrand
Pompidou
Jean Casimir-Perier
Michel Barnier
Jules Grévy
Jules Ferry
Gustave Eiffel
Émile Loubet
Émile Labbé
Armand Fallières
Bertrand Fallières
Paul Channel
Paul Deschanel
Manuel Valls
Ségolène Royal
 
Statistiques - réponses
Réponse % Correct
Mitterrand
90%
De Gaulle
84%
Macron
83%
Chirac
81%
Hollande
78%
Sarkozy
77%
Pompidou
74%
Paul Deschanel
53%
Doumergue
49%
Mac-Mahon
49%
Napoléon III
47%
Thiers
47%
Émile Loubet
43%
Jean Casimir-Perier
38%
Jules Grévy
37%
Armand Fallières
35%
Aucun quiz correspondant
Distribution des résultats
% des personnes avec chaque résultat
Percentile par nombre de réponses
Votre historique - résultats
Vous n’avez pas pris ce quiz